Macroeconomic adjustment processes (Registro nro. 27037)

Detalles MARC
000 -LEADER
fixed length control field 00356 a2200121 4500
001 - CONTROL NUMBER
control field ART_14790
005 - DATE AND TIME OF LATEST TRANSACTION
control field 20260410161913.0
008 - FIXED-LENGTH DATA ELEMENTS--GENERAL INFORMATION
fixed length control field 260409a
100 1# - MAIN ENTRY--PERSONAL NAME
Personal name Helliwell, John F.
245 10 - TITLE STATEMENT
Title Macroeconomic adjustment processes
700 1# - ADDED ENTRY--PERSONAL NAME
Personal name Higgins, C. I.
773 0# - HOST ITEM ENTRY
Title European economic review
Related parts - Vol. 7, Nº 3 (abr. 1976)
Record control number REV13346

No hay ítems disponibles.